Races de chiens par images (click) - Statistiques

Statistiques générales
  • Ce quiz a été pris 2 326 fois
    602 depuis la dernière actualisation
  • Le résultat moyen est 24 sur 36
Statistiques - réponses
Hint Réponse % Correct
Dalmatien
88%
Lévrier
84%
Husky Sibérien
83%
Berger allemand
80%
Dobermann
79%
Golden retriever
79%
Jack russell terrier
78%
Corgi
78%
Saint-bernard
76%
Teckel
76%
Shiba Inu
75%
Bichon frisé
74%
Rottweiler
73%
Cavalier King Charles
72%
Labrador
71%
Chow-chow
70%
Yorkshire terrier
69%
Chihuahua
69%
Spitz nain
67%
Cocker
66%
Carlin
65%
Caniche
65%
Épagneul breton
65%
Border collie
63%
Beagle
63%
Basset hound
61%
Bouvier bernois
61%
Bouledogue français
59%
Boxer
58%
Samoyede
57%
Bulldog anglais
56%
Colley
55%
Airedale Terrier
48%
Cane Corso
47%
American Staffordshire Terrier
46%
Mastiff
36%
Aucun quiz correspondant
Distribution des résultats
% des personnes avec chaque résultat
Percentile par nombre de réponses
Votre historique - résultats
Vous n’avez pas pris ce quiz depuis la dernière actualisation